000 00525nam a2200181Ia 4500
005 20250508162325.0
008 008 250505s9999 xx 000 0 eng d
037 _aTextual
040 _aFEDL
_beng
_cFEDL
041 _aeng
_2eng
084 _a153.35, DID
_qFEDL
100 _aSingh Didar
_9772862
245 0 _aScientific creativity and personality
260 _aAgra, India
_bNational Psychological Corporation
_c1981
300 _axii,219p.
942 _cTEXL
_h153.35, DID
999 _c1375841
_d1375841